Najgorsze kluby w Ekstraklasie w każdym sezonie - Statystyki

Ogólne statystyki
  • Ten quiz został rozwiązany 225 razy
  • Średni wynik to 51 z 90
Statystyki odpowiedzi
Sezon Klub % Poprawnych
1974/75 Arka Gdynia
92%
1984/85 Wisła Kraków
89%
2019/20 ŁKS Łódź
88%
1957 Lech Poznań
88%
1962/63 Lech Poznań
88%
1999/00 Lech Poznań
88%
2005/06 Lech Poznań
88%
2023/24 ŁKS Łódź
88%
2008/09 Łódzki KS
88%
1952 Włókniarz Łódź
88%
1932 Polonia Warszawa
87%
1935 Polonia Warszawa
87%
1953 Budowlani Gdańsk
85%
1966/67 Cracovia
85%
1969/70 Cracovia
85%
2011/12 Cracovia
85%
1949 Lechia Gdańsk
85%
1954 Ogniwo Kraków
85%
1977/78 Górnik Zabrze
83%
2016/17 Ruch Chorzów
83%
1948 Widzew Łódź
83%
2003/04 Widzew Łódź
83%
1960 Pogoń Szczecin
82%
2002/03 Pogoń Szczecin
82%
2006/07 Pogoń Szczecin
82%
2013/14 Zagłębie Lubin
77%
1970/71 GKS Katowice
76%
1998/99 GKS Katowice
76%
2004/05 GKS Katowice
76%
1989/90 Jagiellonia Białystok
76%
1992/93 Jagiellonia Białystok
76%
1936 Legia Warszawa
76%
2009/10 Piast Gliwice
74%
1962 Stal Mielec
72%
1994/95 Warta Poznań
72%
1950 Związkowiec Poznań
72%
1958 Stal Sosnowiec
71%
1985/86 Zagłębie Sosnowiec
71%
1990/91 Zagłębie Sosnowiec
71%
2007/08 Zagłębie Sosnowiec
71%
2018/19 Zagłębie Sosnowiec
71%
1961 Zawisza Bydgoszcz
71%
1993/94 Zawisza Bydgoszcz
71%
1981/82 Motor Lublin
70%
1986/87 Motor Lublin
70%
1975/76 Polonia Bytom
69%
1979/80 Polonia Bytom
69%
2010/11 Polonia Bytom
69%
2024/25 Puszcza Niepołomice
66%
2022/23 Miedź Legnica
65%
2021/22 Górnik Łęczna
64%
2015/16 Podbeskidzie Bielsko-Biała
63%
2020/21 Podbeskidzie Bielsko-Biała
63%
1997/98 Raków Częstochowa
61%
1972/73 Odra Opole
58%
1980/81 Odra Opole
58%
2001/02 Stomil Olsztyn
58%
2017/18 Sandecja Nowy Sącz
57%
2012/13 GKS Bełchatów
51%
2014/15 GKS Bełchatów
51%
1971/72 Szombierki Bytom
46%
1983/84 Szombierki Bytom
46%
1988/89 Szombierki Bytom
46%
1933 Garbarnia Kraków
39%
1956 Garbarnia Kraków
39%
2000/01 Ruch Radzionków
29%
1987/88 Stal Stalowa Wola
29%
1965/66 Gwardia Warszawa
25%
1967/68 Gwardia Warszawa
25%
1978/79 Gwardia Warszawa
25%
1982/83 Gwardia Warszawa
25%
1995/96 Siarka Tarnobrzeg
25%
1968/69 ROW Rybnik
23%
1976/77 ROW Rybnik
23%
1991/92 Igloopol Dębica
9%
1929 Klub Turystów Łódź
9%
1973/74 Zagłębie Wałbrzych
9%
1927 Jutrzenka Kraków
8%
1996/97 Sokół Tychy
8%
1955 Górnik Radlin
7%
1959 Górnik Radlin
7%
1938 Śmigły Wilno
6%
1937 Dąb Katowice
5%
1963/64 Arkonia Szczecin
4%
1931 Lechia Lwów
4%
1928 Toruński KS
4%
1964/65 Unia Racibórz
4%
1930 ŁTSG Łódź
2%
1934 22 Strzelec Siedlce
1%
1951 Gwardia Szczecin
1%
Nie znaleziono quizów pasujących do podanych kryteriów
Rozkład punktacji
Procent ludzi z każdym wynikiem
Percentyl według liczby udzielonych odpowiedzi
Twoja historia wyników
Nie rozwiązałeś tego quizu